الإدارة : (Record no. 14178)
[ view plain ]
| 000 -الفاتح | |
|---|---|
| حقل البيانات ثابتة الطول | 01226nam a22002297a 4500 |
| 008 - عناصر البيانات ثابتة الطول - معلومات عامة | |
| حقل البيانات ثابتة الطول | 100623t2008 xxu||||gr|||| 000 0 ara d |
| 020 ## - الرقم الدولى المعيارى للكتب | |
| الرقم الدولى المعيارى للكتاب | 9772366436 |
| 082 ## - رقم تصنيف ديوى العشرى | |
| رقم الطبعة | 22 |
| رقم التصنيف | 658 |
| رقم المادة | ه و ا |
| 100 ## - المدخل الرئيسى - إسم شخصى | |
| 9 (RLIN) | 15105 |
| الإسم الشخصى | الهوارى،سيد |
| 245 ## - بيان العنوان | |
| العنوان | الإدارة : |
| بقية العنوان | الأصول و الأسس العلميةللقرن ال21/ |
| بيان المسئوليه,etc | سيد الهوارى . |
| 260 ## - PUBLICATION, DISTRIBUTION, ETC. (IMPRINT) | |
| مكان الناشر او الموزع | القاهرة: |
| اسم الناشر او الموزع | دار الجيل للطباعة، |
| تاريخ النشر أو التوزيع | 2008. |
| 300 ## - الوصف المادى | |
| التعداد | 568؛ص |
| أبعاد الوعاء | 24سم. |
| 500 ## - تبصرة عامة | |
| تبصرة عامة | يحتوى على إرجاعات ببليوجرافية |
| 504 ## - تبصرة ببليوجرافية | |
| تبصرة ببليوجرافية,الخ | يحتوى على إرجاعلت ببليوجرافية |
| 650 ## - المدخل الاضافى بالموضوع-مصطلح موضوعى | |
| 9 (RLIN) | 14798 |
| مصطلح موضوعي أو اسم جغرافي كعنصر مدخل | الإدارة |
| 650 ## - المدخل الاضافى بالموضوع-مصطلح موضوعى | |
| 9 (RLIN) | 14801 |
| مصطلح موضوعي أو اسم جغرافي كعنصر مدخل | التنظيم |
| 650 ## - المدخل الاضافى بالموضوع-مصطلح موضوعى | |
| 9 (RLIN) | 14799 |
| مصطلح موضوعي أو اسم جغرافي كعنصر مدخل | التخطيط |
| 942 ## - عناصر المدخل الإضافي( كوها) | |
| مصدر التصنيف او مخطط الترفيف | Dewey Decimal Classification |
| Koha [default] item type | Book - Borrowing |
| حالة التراجع | حالة الفقد | مصدر التصنيف او خطة الترفيف | حالة تلف | ليس للاعارة | مجموعات كوها | المكان الدائم | المكان الحالي | موقع الترفيف | تاريخ الاكتساب | Source of acquisition | رقم الاستدعاء | الباركود | Date last seen | مُعار | نوع الوعاء |
|---|---|---|---|---|---|---|---|---|---|---|---|---|---|---|---|
| Dewey Decimal Classification | Central Library | Central Library | First floor | 23/06/2010 | Donation | 658 ه وا | 000021014 | 15/07/2025 | 22/05/2016 | Book - Borrowing | |||||
| Dewey Decimal Classification | Central Library | Central Library | First floor | 24/06/2010 | Donation | 658 ه وا | 000021198 | 15/07/2025 | NB - Book (Non borrowing) | ||||||
| Dewey Decimal Classification | Central Library | Central Library | First floor | 04/07/2010 | Donation | 658 ه وا | 000021435 | 15/07/2025 | 22/07/2012 | Book - Borrowing |